| 000 | 00618nam a2200217Ii 4500 | ||
|---|---|---|---|
| 001 | 19317 | ||
| 003 | CO-ViMGA | ||
| 008 | 241108s9999||||xx |||||||||||||| ||und|| | ||
| 020 | _a8423922855 | ||
| 040 |
_aCO-ViMGA _bspa _erda _cCO-ViMGA |
||
| 041 | 0 | _aspa | |
| 082 | 0 | 4 | _a928 G73d |
| 100 | 1 |
_aGraham Greene _947475 |
|
| 245 | 1 | 0 |
_aGraham Greene : _bamigo y hermano |
| 264 | 1 | _aMadrid, EspaƱa : Editorial Espasa Calpe, 1996 | |
| 300 | _avolumen | ||
| 336 |
_atext _btxt _2rdacontent |
||
| 337 |
_aunmediated _bn _2rdamedia |
||
| 338 |
_avolume _bnc _2rdacarrier |
||
| 940 | _aidficha_siabuc: 18974. -- ficha_no_siabuc:19317 | ||
| 999 |
_c42075 _d42075 |
||